[Event "Bergamo op"]
[Site "Bergamo"]
[Date "2007.11.16"]
[Round "6"]
[White "Canova, Luca"]
[Black "Nasoni, Paolo"]
[Result "1-0"]
[WhiteElo "2079"]
[BlackElo "1849"]
[PlyCount "63"]
[EventDate "2007.10.05"]
[EventType "swiss"]
[EventRounds "7"]
[EventCountry "ITA"]
[SourceTitle "EXT 2009"]
[Source "ChessBase"]
[SourceDate "2008.11.26"]
[SourceVersion "1"]
[SourceVersionDate "2008.11.26"]
[SourceQuality "1"]

1. e4 e6 2. d4 d5 3. Nc3 Bb4 4. e5 c5 5. Bd2 Ne7 6. Nb5 Bxd2+ 7. Qxd2 0-0 8. dxc5 Nd7 9. Nf3 Nxc5 10. Bd3 a6 11. Nbd4 Qc7 12. 0-0 h6 13. Rfe1 Bd7 14. Rac1 b5 15. Nb3 Nb7 16. c3 Rac8 17. Bb1 Qd8 18. Nfd4 Nc6 19. Re3 Qg5 20. Qd3 g6 21. Rce1 h5 22. Rg3 Qh6 23. Nf3 Ne7 24. Nfd4 Nc5 25. Nxc5 Rxc5 26. Qf3 Qg7 27. Qe3 Rfc8 28. Qg5 Kf8 29. f4 Nf5 30. Bxf5 exf5 31. e6 Re8 32. exd7 1-0

[Event "Bergamo op"]
[Site "Bergamo"]
[Date "2007.10.26"]
[Round "4"]
[White "Longo, Pietro"]
[Black "Canova, Luca"]
[Result "0-1"]
[WhiteElo "1929"]
[BlackElo "2079"]
[PlyCount "94"]
[EventDate "2007.10.05"]
[EventType "swiss"]
[EventRounds "7"]
[EventCountry "ITA"]
[SourceTitle "EXT 2009"]
[Source "ChessBase"]
[SourceDate "2008.11.26"]
[SourceVersion "1"]
[SourceVersionDate "2008.11.26"]
[SourceQuality "1"]

1. d4 Nf6 2. c4 e5 3. dxe5 Ng4 4. Bf4 Nc6 5. Nf3 Bb4+ 6. Nc3 Qe7 7. h3 Ngxe5 8. Nxe5 Nxe5 9. e3 Bxc3+ 10. bxc3 d6 11. Bd3 0-0 12. 0-0 Be6 13. Qe2 f5 14. c5 Nxd3 15. Qxd3 dxc5 16. Qc2 Rad8 17. Rad1 g5 18. Bh2 Rxd1 19. Rxd1 Qf7 20. Qa4 f4 21. exf4 gxf4 22. Re1 Bd5 23. Re5 Bc6 24. Qb3 c4 25. Rg5+ Kh8 26. Qd1 Qf6 27. Qd4 Qxd4 28. cxd4 b6 29. Kf1 c3 30. Ke1 Re8+ 31. Re5 Rxe5+ 32. dxe5 Bxg2 33. e6 Kg7 34. Bxf4 Kf6 35. e7 Kxe7 36. Bxc7 Bxh3 37. Be5 c2 38. Kd2 Bf5 39. a3 Ke6 40. Bg3 Kd5 41. Kc1 Kc4 42. Kb2 h5 43. Kc1 Kd3 44. Bh4 Ke2 45. Bg3 Kf3 46. Bh4 Kg4 47. Bg3 h4 0-1

[Event "Bratto op-A 27th"]
[Site "Bratto"]
[Date "2007.08.29"]
[Round "7"]
[White "Buono, Michele"]
[Black "Canova, Luca"]
[Result "1-0"]
[WhiteElo "2170"]
[BlackElo "2082"]
[PlyCount "120"]
[EventDate "2007.08.23"]
[EventType "swiss"]
[EventRounds "9"]
[EventCountry "ITA"]
[SourceTitle "CBM 120 Extra"]
[Source "ChessBase"]
[SourceDate "2007.11.01"]
[SourceVersion "1"]
[SourceVersionDate "2007.11.01"]
[SourceQuality "1"]

1. e4 e5 2. Bc4 Nf6 3. d4 exd4 4. Nf3 Nc6 5. 0-0 Nxe4 6. Re1 d5 7. Bxd5 Qxd5 8. Nc3 Qa5 9. Nxe4 Be6 10. Neg5 0-0-0 11. Nxe6 fxe6 12. Rxe6 Qd5 13. Qe2 Bd6 14. Bd2 h6 15. a3 g5 16. Qe4 Qxe4 17. Rxe4 Rhe8 18. Rae1 Rxe4 19. Rxe4 Be7 20. h4 gxh4 21. Bxh6 Rd5 22. Bg7 Bd6 23. Bxd4 Nxd4 24. Rxd4 Rxd4 25. Nxd4 Be5 26. c3 Kd7 27. Nf3 Bf4 28. b3 Bc1 29. Nxh4 Bxa3 30. Kf1 Bb2 31. c4 Bf6 32. Nf3 c6 33. Ke2 b5 34. Kd3 a5 35. Nd2 a4 36. bxa4 bxa4 37. Ne4 Be7 38. Nc3 a3 39. f4 Ke6 40. g4 Kf7 41. Kc2 Bd6 42. Ne2 Bc5 43. Kb3 Bd6 44. Nd4 Bxf4 45. Kxa3 c5 46. Nf3 Ke6 47. Kb3 Kf6 48. Kc3 Bc1 49. Kd3 Ke6 50. Ke4 Bh6 51. Ne1 Kf6 52. Nd3 Bf8 53. Nf4 Bd6 54. Nh3 Kg6 55. Kd5 Be7 56. Ke5 Bf6+ 57. Kf4 Bc3 58. g5 Bd4 59. Kg4 Bg7 60. Nf4+ Kf7 1-0

[Event "Bratto op-A 27th"]
[Site "Bratto"]
[Date "2007.08.28"]
[Round "6"]
[White "Canova, Luca"]
[Black "Cugini, Verter"]
[Result "1/2-1/2"]
[WhiteElo "2082"]
[BlackElo "2199"]
[PlyCount "159"]
[EventDate "2007.08.23"]
[EventType "swiss"]
[EventRounds "9"]
[EventCountry "ITA"]
[SourceTitle "CBM 120 Extra"]
[Source "ChessBase"]
[SourceDate "2007.11.01"]
[SourceVersion "1"]
[SourceVersionDate "2007.11.01"]
[SourceQuality "1"]

1. d4 d6 2. e4 Nf6 3. Nc3 g6 4. f3 Bg7 5. Be3 c6 6. Qd2 b5 7. Bh6 Bxh6 8. Qxh6 e5 9. 0-0-0 Qe7 10. dxe5 dxe5 11. Bxb5 cxb5 12. Nxb5 Bd7 13. Nc7+ Kd8 14. Nxa8 Kc8 15. Qe3 Bc6 16. Nb6+ axb6 17. Qxb6 Nfd7 18. Qa7 Bb7 19. h4 Nc6 20. Qe3 Kc7 21. Ne2 Ra8 22. a3 Nb6 23. Qb3 Na5 24. Qc3+ Nac4 25. h5 Bc8 26. hxg6 hxg6 27. Rh8 Ra5 28. Rdd8 Be6 29. Rhe8 Qxd8 30. Rxd8 Kxd8 31. Qb4 Ra6 32. Qf8+ Kc7 33. Qc5+ Kb7 34. Nc3 Nd7 35. Qe7 Rb6 36. b3 Na5 37. Na4 Rc6 38. Qb4+ Ka6 39. Kb2 Nb7 40. c4 Nd6 41. g4 f5 42. exf5 gxf5 43. g5 Bf7 44. Nc3 Be8 45. Nd5 e4 46. fxe4 fxe4 47. g6 Bxg6 48. Ne7 Nxc4+ 49. Ka2 Nce5 50. Nxc6 Nxc6 51. Qd6 Nde5 52. b4 Bf7+ 53. Kb1 Bb3 54. Qc5 Ba4 55. Qe3 Nc4 56. Qe2 Bc2+ 57. Kc1 Bd3 58. Qh5 Nxa3 59. Qc5 Kb7 60. Kd1 Nb5 61. Kd2 Nbd4 62. Qc3 Nf3+ 63. Ke3 Nfe5 64. b5 Ng4+ 65. Kf4 Nce5 66. Qc5 e3 67. b6 e2 68. Qc7+ Ka6 69. Qa7+ Kb5 70. b7 Nc6 71. Qa1 Nf6 72. Ke3 Bc4 73. Qb1+ Kc5 74. Kd2 Nd7 75. Qf5+ Kd6 76. Qf4+ Nde5 77. Qf8+ Kd5 78. Qg8+ Kd4 79. Qg1+ Kd5 80. Qg8+ 1/2-1/2

[Event "Bratto op-A 27th"]
[Site "Bratto"]
[Date "2007.08.27"]
[Round "5"]
[White "Bove, Alessandro"]
[Black "Canova, Luca"]
[Result "1-0"]
[WhiteElo "2173"]
[BlackElo "2082"]
[PlyCount "57"]
[EventDate "2007.08.23"]
[EventType "swiss"]
[EventRounds "9"]
[EventCountry "ITA"]
[SourceTitle "CBM 120 Extra"]
[Source "ChessBase"]
[SourceDate "2007.11.01"]
[SourceVersion "1"]
[SourceVersionDate "2007.11.01"]
[SourceQuality "1"]

1. Nf3 Nf6 2. c4 e6 3. g3 b6 4. Bg2 Bb7 5. 0-0 Be7 6. d4 0-0 7. Nc3 d5 8. cxd5 exd5 9. Ne5 Nbd7 10. Nd3 Ne4 11. Nf4 Ndf6 12. Qd3 Qd7 13. Nfxd5 Bxd5 14. Nxe4 Qc6 15. Nxf6+ Bxf6 16. e4 Bc4 17. Qc3 Bxd4 18. Qxd4 Bxf1 19. Bxf1 Rad8 20. Qc4 Qxc4 21. Bxc4 Rd4 22. b3 Rxe4 23. Be3 Rd8 24. Kf1 c6 25. a4 Kf8 26. a5 b5 27. Be2 a6 28. Rc1 Re6 29. Bf3 1-0

[Event "Bergamo Province-ch"]
[Site "Bergamo"]
[Date "2006.11.10"]
[Round "6"]
[White "Canova, Luca"]
[Black "Longo, Pietro"]
[Result "0-1"]
[WhiteElo "2088"]
[BlackElo "1772"]
[PlyCount "92"]
[EventDate "2006.10.06"]
[EventType "swiss"]
[EventRounds "9"]
[EventCountry "ITA"]
[SourceTitle "EXT 2011"]
[Source "ChessBase"]
[SourceDate "2010.11.26"]
[SourceVersion "1"]
[SourceVersionDate "2010.11.26"]
[SourceQuality "1"]

1. d4 Nf6 2. c4 g6 3. Nc3 Bg7 4. e4 d6 5. f4 0-0 6. Nf3 c5 7. dxc5 Qa5 8. Bd3 Qxc5 9. Qe2 Nc6 10. Be3 Qa5 11. 0-0 Ng4 12. Bd2 Nd4 13. Nxd4 Bxd4+ 14. Kh1 Qc5 15. Nd5 Re8 16. b4 Qc6 17. Rac1 e6 18. c5 exd5 19. Bb5 Rxe4 20. Qxe4 dxe4 21. Bxc6 bxc6 22. h3 Nf2+ 23. Kh2 Ba6 24. Rfe1 Nd3 25. Rxe4 dxc5 26. Rxd4 cxd4 27. Rxc6 Bb5 28. Rd6 Rc8 29. f5 gxf5 30. Rxd4 Nf2 31. Bh6 Ne4 32. Rd5 Bc4 33. Rxf5 Rc6 34. Be3 Bxa2 35. Ra5 Bc4 36. Bxa7 Ra6 37. Re5 Rxa7 38. Rxe4 Be6 39. Kg3 Ra2 40. Rd4 Rc2 41. Kf3 Rc4 42. Ke3 Rxd4 43. Kxd4 Kf8 44. b5 Ke7 45. b6 Kd6 46. h4 h5 0-1

[Event "Bergamo Province-ch"]
[Site "Bergamo"]
[Date "2006.11.03"]
[Round "5"]
[White "Valsecchi, Alessio"]
[Black "Canova, Luca"]
[Result "1/2-1/2"]
[WhiteElo "2030"]
[BlackElo "2088"]
[PlyCount "46"]
[EventDate "2006.10.06"]
[EventType "swiss"]
[EventRounds "9"]
[EventCountry "ITA"]
[SourceTitle "EXT 2011"]
[Source "ChessBase"]
[SourceDate "2010.11.26"]
[SourceVersion "1"]
[SourceVersionDate "2010.11.26"]
[SourceQuality "1"]

1. e4 e5 2. Nf3 Nc6 3. Bb5 a6 4. Ba4 Nf6 5. d4 exd4 6. 0-0 Be7 7. e5 Ne4 8. Nxd4 Nc5 9. Nf5 0-0 10. Qg4 g6 11. Bxc6 dxc6 12. Nxe7+ Qxe7 13. Qg3 Re8 14. Re1 Bf5 15. Bg5 f6 16. Bf4 Bxc2 17. Nc3 Nd3 18. Ne4 Nxe5 19. Nxf6+ Qxf6 20. Bxe5 Qf7 21. Re3 Rad8 22. Bxc7 Rxe3 23. fxe3 Rd1+ 1/2-1/2

[Event "Bergamo Province-ch"]
[Site "Bergamo"]
[Date "2006.10.27"]
[Round "4"]
[White "Canova, Luca"]
[Black "Gerali, Paolo"]
[Result "1-0"]
[WhiteElo "2088"]
[BlackElo "1959"]
[PlyCount "51"]
[EventDate "2006.10.06"]
[EventType "swiss"]
[EventRounds "9"]
[EventCountry "ITA"]
[SourceTitle "EXT 2011"]
[Source "ChessBase"]
[SourceDate "2010.11.26"]
[SourceVersion "1"]
[SourceVersionDate "2010.11.26"]
[SourceQuality "1"]

1. d4 Nf6 2. Nf3 e6 3. c4 d5 4. Nc3 Be7 5. g3 Nbd7 6. Bg2 0-0 7. 0-0 c6 8. Qc2 Nb6 9. cxd5 exd5 10. Ne5 Be6 11. Bg5 Nc8 12. h3 Nd6 13. g4 Nd7 14. Bxe7 Qxe7 15. b3 f6 16. Nd3 Rfe8 17. Rae1 Qd8 18. e4 dxe4 19. Nxe4 Nxe4 20. Bxe4 Nf8 21. Nc5 Bc8 22. b4 h5 23. Qc4+ Kh8 24. Qf7 hxg4 25. Qh5+ Kg8 26. Bh7+ 1-0

[Event "Milan Crespi op 26th"]
[Site "Milan"]
[Date "2005.12.08"]
[Round "3"]
[White "Fiorili, Roberto"]
[Black "Canova, Luca"]
[Result "0-1"]
[WhiteElo "1963"]
[BlackElo "2103"]
[PlyCount "54"]
[EventDate "2005.12.07"]
[EventType "swiss"]
[EventRounds "7"]
[EventCountry "ITA"]
[SourceTitle "EXT 2007"]
[Source "ChessBase"]
[SourceDate "2006.11.23"]
[SourceVersion "1"]
[SourceVersionDate "2006.11.23"]
[SourceQuality "1"]

1. d4 d5 2. Nf3 Nf6 3. Bf4 e6 4. e3 Nbd7 5. c3 c5 6. Bd3 b6 7. Nbd2 Bb7 8. Ne5 Be7 9. Ndf3 0-0 10. Qc2 c4 11. Be2 b5 12. h4 b4 13. Ng5 h6 14. Bg4 bxc3 15. bxc3 hxg5 16. hxg5 Nxe5 17. Bxe5 Ne4 18. g6 f5 19. Rh7 Nf6 20. Bxf6 Bxf6 21. Ke2 Bg5 22. Rah1 Bh6 23. Bf3 Bc6 24. Qd2 Qg5 25. Rh5 Qxg6 26. R7xh6 gxh6 27. e4 fxe4 0-1

[Event "Bergamo Province-ch"]
[Site "Bergamo"]
[Date "2005.10.31"]
[Round "5"]
[White "Capata, Ion"]
[Black "Canova, Luca"]
[Result "1-0"]
[WhiteElo "2090"]
[BlackElo "2103"]
[PlyCount "205"]
[EventDate "2005.10.07"]
[EventType "swiss"]
[EventRounds "8"]
[EventCountry "ITA"]
[SourceTitle "EXT 2023"]
[Source "ChessBase"]
[SourceDate "2022.10.05"]
[SourceVersion "1"]
[SourceVersionDate "2022.10.05"]
[SourceQuality "1"]

1. d4 d5 2. Nf3 Nf6 3. Bg5 Nbd7 4. h3 c6 5. e3 Ne4 6. Bf4 Ndf6 7. Bd3 Bf5 8. 0-0 e6 9. Ne5 Be7 10. f3 Nd6 11. Nc3 Bxd3 12. Qxd3 0-0 13. g4 Nfe8 14. Qd2 f6 15. Nd3 Nf7 16. Qh2 b6 17. Ne2 Bd6 18. Rae1 Rc8 19. e4 dxe4 20. fxe4 Qd7 21. Rd1 Qc7 22. e5 fxe5 23. Bxe5 Nf6 24. Bxd6 Qxd6 25. Qxd6 Nxd6 26. Nef4 Rfe8 27. Rde1 Nde4 28. Rf3 c5 29. Rfe3 g5 30. Nh5 cxd4 31. Rxe4 Nxe4 32. Rxe4 Kf8 33. Rxd4 Rxc2 34. Nf6 Re7 35. Ne5 Kg7 36. Ne4 Rxb2 37. Nxg5 Kf6 38. Nc6 Rc7 39. Ne4+ Kf7 40. Rc4 Ke8 41. Nf6+ Kf8 42. a4 a6 43. Ne4 Rd7 44. Nf2 Rf7 45. Nd3 Ra2 46. Nce5 Ra1+ 47. Kg2 Rff1 48. Rc6 Rfb1 49. Nd7+ Ke7 50. Nxb6 Rb3 51. Rxe6+ Kxe6 52. Nc5+ Kd6 53. Nxb3 Rb1 54. Nc4+ Kd5 55. Ncd2 Rb2 56. Kf3 Ra2 57. a5 Ra4 58. Kg3 Ke5 59. Nc5 Ra3+ 60. Nf3+ Kd6 61. Nxa6 Rxa5 62. Nb4 Ra3 63. Nc2 Rd3 64. Kf4 Ke7 65. Ncd4 Kf6 66. g5+ Ke7 67. Kg4 Ra3 68. Kh5 Ra6 69. Ne5 Rb6 70. Ng4 Kf7 71. Nf5 Ra6 72. Nf6 Ra5 73. Nd6+ Kg7 74. Nde8+ Kh8 75. Nc7 Kg7 76. Ne6+ Kf7 77. Nd4 Kg7 78. h4 Re5 79. Kg4 Ra5 80. Nf5+ Kh8 81. Nd6 Kg7 82. Kh5 Re5 83. Nde8+ Kh8 84. Nc7 Rf5 85. Kh6 Rc5 86. Ncd5 Ra5 87. Nc7 Rc5 88. Ncd5 Rc6 89. Ne3 Ra6 90. Neg4 Re6 91. Nf2 Ra6 92. Nd3 Ra5 93. Nxh7 Rd5 94. Nf4 Rd4 95. Ng6+ Kg8 96. Nf6+ Kf7 97. Ne5+ Ke6 98. Neg4 Kf5 99. g6 Rd6 100. h5 Ra6 101. Kh7 Kg5 102. g7 Ra7 103. h6 1-0

[Event "Bergamo Province-ch"]
[Site "Bergamo"]
[Date "2005.10.07"]
[Round "1"]
[White "Canova, Luca"]
[Black "Bosio, Giovanni"]
[Result "1-0"]
[WhiteElo "2103"]
[BlackElo "1682"]
[PlyCount "87"]
[EventDate "2005.10.07"]
[EventType "swiss"]
[EventRounds "8"]
[EventCountry "ITA"]
[SourceTitle "EXT 2023"]
[Source "ChessBase"]
[SourceDate "2022.10.05"]
[SourceVersion "1"]
[SourceVersionDate "2022.10.05"]
[SourceQuality "1"]

1. e4 c5 2. Nf3 d6 3. d4 cxd4 4. Nxd4 Nc6 5. Nc3 a6 6. Be3 Nf6 7. Be2 e5 8. Nb3 Be7 9. g4 h6 10. f3 b5 11. Qd2 Bb7 12. 0-0-0 0-0 13. h4 b4 14. Na4 Nd7 15. g5 h5 16. g6 fxg6 17. Bc4+ Kh7 18. Rdg1 Qe8 19. Qg2 Bf6 20. Rh3 Ne7 21. Be6 Bc6 22. Nb6 Nxb6 23. Bxb6 d5 24. Bc5 dxe4 25. fxe4 Rb8 26. Bd6 Rd8 27. Bxb4 Bd7 28. Nc5 Bb5 29. Ba3 Rd4 30. c3 Rc4 31. b3 Rxc5 32. Bxc5 Bc6 33. Bxe7 Bxe7 34. Bd5 Bd7 35. Rf3 Bg4 36. Rxf8 Qxf8 37. Qg3 Qb8 38. Kb2 a5 39. a3 Qb5 40. Rg2 Qc5 41. b4 axb4 42. axb4 Qb5 43. Qxe5 Bf6 44. Bg8+ 1-0

[Event "Bergamo op 4th"]
[Site "Bergamo"]
[Date "2005.07.31"]
[Round "6"]
[White "Canova, Luca"]
[Black "Cardani, Roberto"]
[Result "1-0"]
[WhiteElo "2093"]
[BlackElo "1826"]
[PlyCount "49"]
[EventDate "2005.07.29"]
[EventType "swiss"]
[EventRounds "6"]
[EventCountry "ITA"]
[SourceTitle "EXT 2007"]
[Source "ChessBase"]
[SourceDate "2006.11.23"]
[SourceVersion "1"]
[SourceVersionDate "2006.11.23"]
[SourceQuality "1"]

1. e4 c5 2. Nc3 Nc6 3. g3 g6 4. Bg2 Bg7 5. d3 d6 6. Be3 e6 7. Qd2 Rb8 8. Nge2 b5 9. 0-0 Nd4 10. Nc1 b4 11. Nd1 Ne7 12. c3 bxc3 13. bxc3 Ndc6 14. Bh6 0-0 15. Bxg7 Kxg7 16. Ne3 e5 17. Ne2 Qc7 18. f4 f5 19. Rf2 Be6 20. Raf1 Na5 21. Bh3 Qd7 22. fxe5 fxe4 23. Bxe6 Qxe6 24. Nf4 Qxe5 25. d4 1-0

[Event "Lodi op 1st"]
[Site "Lodi"]
[Date "2005.06.12"]
[Round "4"]
[White "Canova, Luca"]
[Black "Bartolozzi, Roberto"]
[Result "1-0"]
[WhiteElo "2050"]
[BlackElo "2126"]
[PlyCount "71"]
[EventDate "2005.06.10"]
[EventType "swiss"]
[EventRounds "5"]
[EventCountry "ITA"]
[SourceTitle "EXT 2007"]
[Source "ChessBase"]
[SourceDate "2006.11.23"]
[SourceVersion "1"]
[SourceVersionDate "2006.11.23"]
[SourceQuality "1"]

1. e4 e6 2. d4 d5 3. Nc3 Bb4 4. e5 Ne7 5. a3 Bxc3+ 6. bxc3 c5 7. Nf3 Nbc6 8. Bd3 c4 9. Be2 Qa5 10. 0-0 Bd7 11. Bf4 0-0-0 12. Qd2 f6 13. exf6 gxf6 14. Rfb1 Ng6 15. Bg3 h5 16. a4 Nce7 17. h3 Nf5 18. Bh2 Bc6 19. Rb4 Nd6 20. Qc1 Ne4 21. Qe3 Rhe8 22. Nd2 Nd6 23. Bxh5 Nf5 24. Qf3 Ngh4 25. Qd1 Rg8 26. g4 Rg7 27. Nf3 e5 28. Kf1 e4 29. Nxh4 Nxh4 30. Bg3 Nf3 31. Qc1 Kd7 32. Qh6 Re7 33. Qxf6 Re6 34. Qf7+ Re7 35. Qf5+ Re6 36. Bf7 1-0

[Event "Lodi op 1st"]
[Site "Lodi"]
[Date "2005.06.12"]
[Round "5"]
[White "Rosin, Federico"]
[Black "Canova, Luca"]
[Result "1-0"]
[WhiteElo "2127"]
[BlackElo "2050"]
[PlyCount "122"]
[EventDate "2005.06.10"]
[EventType "swiss"]
[EventRounds "5"]
[EventCountry "ITA"]
[SourceTitle "EXT 2007"]
[Source "ChessBase"]
[SourceDate "2006.11.23"]
[SourceVersion "1"]
[SourceVersionDate "2006.11.23"]
[SourceQuality "1"]

1. c4 e5 2. Nc3 Nc6 3. g3 g6 4. Bg2 Bg7 5. d3 Nge7 6. e3 d6 7. Nge2 0-0 8. 0-0 Be6 9. Nd5 Qd7 10. Rb1 Nd8 11. b4 c6 12. Nxe7+ Qxe7 13. b5 Qd7 14. bxc6 bxc6 15. Ba3 Rc8 16. Qa4 c5 17. Qxd7 Bxd7 18. Nc3 Bc6 19. Nd5 Re8 20. Bb2 Ne6 21. Bc3 Kf8 22. Rb3 Ba4 23. Rb2 Rb8 24. Rfb1 Rxb2 25. Rxb2 Nd8 26. Kf1 Nc6 27. Nc7 Re7 28. Nb5 Nd8 29. Bd5 Rd7 30. Ba5 e4 31. Rd2 a6 32. Nc3 Bxc3 33. Bxc3 exd3 34. Rxd3 Bc6 35. Rd2 Bxd5 36. cxd5 Rb7 37. Ke2 Ke7 38. Kd3 f6 39. f4 h5 40. Kc2 Nf7 41. h3 a5 42. a4 Nh6 43. e4 g5 44. Rd1 h4 45. fxg5 fxg5 46. gxh4 gxh4 47. Bxa5 Ra7 48. Bd2 Rxa4 49. Bxh6 Rxe4 50. Rd3 Kf7 51. Rf3+ Kg6 52. Bf4 Rc4+ 53. Kb3 Rd4 54. Bxd6 Rxd5 55. Be7 Kh5 56. Kc4 Re5 57. Bxc5 Rg5 58. Bd6 Rg6 59. Rf5+ Kh6 60. Bf4+ Kg7 61. Rg5 Kf6 1-0

[Event "Lodi op 1st"]
[Site "Lodi"]
[Date "2005.06.11"]
[Round "2"]
[White "Canova, Luca"]
[Black "Xausa, Flavio"]
[Result "1-0"]
[WhiteElo "2050"]
[BlackElo "2123"]
[PlyCount "87"]
[EventDate "2005.06.10"]
[EventType "swiss"]
[EventRounds "5"]
[EventCountry "ITA"]
[SourceTitle "EXT 2007"]
[Source "ChessBase"]
[SourceDate "2006.11.23"]
[SourceVersion "1"]
[SourceVersionDate "2006.11.23"]
[SourceQuality "1"]

1. e4 c5 2. Nf3 d6 3. d4 cxd4 4. Nxd4 Nf6 5. Nc3 e6 6. Be3 a6 7. a4 Qc7 8. Be2 Nc6 9. f4 Be7 10. 0-0 0-0 11. Bf3 Nxd4 12. Bxd4 e5 13. fxe5 dxe5 14. Be3 Bc5 15. Qc1 Be6 16. Rd1 Rfd8 17. h3 h6 18. Kh1 Rxd1+ 19. Nxd1 Bxe3 20. Nxe3 Rc8 21. c3 Rd8 22. Qe1 Qb6 23. b4 Rd3 24. Nd1 Qc7 25. Rc1 Rd8 26. Nb2 b5 27. Qe3 Qc6 28. a5 Bc4 29. Kh2 Ne8 30. Rc2 Nc7 31. Rf2 Ne6 32. g3 Qd6 33. h4 Qc7 34. Bh5 f6 35. Bg4 Nf8 36. Rd2 Rd6 37. Nxc4 bxc4 38. Rxd6 Qxd6 39. Be2 Qc6 40. Qc5 Qa8 41. Bxc4+ Kh7 42. Qd5 Qe8 43. Qg8+ Kg6 44. h5+ 1-0

[Event "Milan Crespi op 25th"]
[Site "Milan"]
[Date "2004.12.08"]
[Round "7"]
[White "Canova, Luca"]
[Black "Valdivia, Rene"]
[Result "1/2-1/2"]
[WhiteElo "2047"]
[BlackElo "2252"]
[PlyCount "63"]
[EventDate "2004.12.04"]
[EventType "swiss"]
[EventRounds "9"]
[EventCountry "ITA"]
[SourceTitle "EXT 2007"]
[Source "ChessBase"]
[SourceDate "2006.11.23"]
[SourceVersion "1"]
[SourceVersionDate "2006.11.23"]
[SourceQuality "1"]

1. d4 Nf6 2. Nf3 c5 3. d5 d6 4. c4 b5 5. a4 bxc4 6. Nc3 Ba6 7. a5 Nbd7 8. h3 g6 9. e4 Rb8 10. Qc2 Bg7 11. Be2 0-0 12. 0-0 Rb4 13. Ra3 Qb8 14. Na2 Rb3 15. Bxc4 Bxc4 16. Qxc4 Rxa3 17. bxa3 Qb7 18. Bd2 Rb8 19. Bc3 Qb3 20. Nd2 Qxc4 21. Nxc4 Rb3 22. Re1 Ne8 23. Re3 Bh6 24. Re2 Nc7 25. Rb2 Rxb2 26. Bxb2 Bg7 27. Bxg7 Kxg7 28. Nc3 f5 29. f3 fxe4 30. fxe4 Kf6 31. Kf2 Ne5 32. Nb2 1/2-1/2

[Event "Milan Crespi op 25th"]
[Site "Milan"]
[Date "2004.12.07"]
[Round "6"]
[White "Gabetto, Flaviano"]
[Black "Canova, Luca"]
[Result "0-1"]
[WhiteElo "2128"]
[BlackElo "2047"]
[PlyCount "70"]
[EventDate "2004.12.04"]
[EventType "swiss"]
[EventRounds "9"]
[EventCountry "ITA"]
[SourceTitle "EXT 2007"]
[Source "ChessBase"]
[SourceDate "2006.11.23"]
[SourceVersion "1"]
[SourceVersionDate "2006.11.23"]
[SourceQuality "1"]

1. e4 e5 2. Bc4 Nf6 3. d3 Bc5 4. Nf3 d6 5. 0-0 Nc6 6. c3 0-0 7. Bb3 h6 8. Re1 Re8 9. Nbd2 a5 10. a4 Ba7 11. Nf1 Ne7 12. Ng3 Ng6 13. Nf5 d5 14. Bxh6 gxh6 15. Nxh6+ Kg7 16. Ng5 Be6 17. Nxe6+ fxe6 18. exd5 Kxh6 19. dxe6 Kg7 20. Qf3 c6 21. d4 e4 22. Rxe4 Nxe4 23. Qxe4 Qf6 24. g3 Re7 25. f4 Rf8 26. Re1 Nxf4 27. gxf4 Qxf4 28. Qg2+ Kh8 29. Kh1 Qf3 30. Qxf3 Rxf3 31. Kg2 Rf6 32. h4 Bb8 33. Kh3 Bd6 34. d5 Rg7 35. Re3 Rf1 0-1

[Event "Milan Crespi op 25th"]
[Site "Milan"]
[Date "2004.12.05"]
[Round "2"]
[White "Bevilacqua, Maurizio"]
[Black "Canova, Luca"]
[Result "1-0"]
[WhiteElo "2165"]
[BlackElo "2047"]
[PlyCount "107"]
[EventDate "2004.12.04"]
[EventType "swiss"]
[EventRounds "9"]
[EventCountry "ITA"]
[SourceTitle "EXT 2007"]
[Source "ChessBase"]
[SourceDate "2006.11.23"]
[SourceVersion "1"]
[SourceVersionDate "2006.11.23"]
[SourceQuality "1"]

1. d4 Nf6 2. c4 e6 3. Nf3 b6 4. a3 Bb7 5. Nc3 Be7 6. d5 d6 7. e4 e5 8. Be2 a5 9. Qc2 Na6 10. Rb1 0-0 11. b4 axb4 12. axb4 Bc8 13. h3 h6 14. 0-0 Nh7 15. Bd3 Ng5 16. Nh2 Bf6 17. Be3 Re8 18. Qe2 Nb8 19. Ra1 Rxa1 20. Rxa1 Nd7 21. Ra7 Nf8 22. h4 Ngh7 23. g3 Bd7 24. c5 bxc5 25. bxc5 dxc5 26. Bxc5 Be7 27. Bxe7 Rxe7 28. Qa2 Qb8 29. Nf1 Nf6 30. Qa3 Re8 31. Qc5 Rc8 32. Ba6 Rd8 33. Rxc7 Qb2 34. Qa7 Ng4 35. Be2 Qc1 36. Kg2 Nf6 37. Qe3 Qb2 38. Nd2 Ng4 39. Bxg4 Bxg4 40. Nc4 Qb8 41. Qc5 Rc8 42. d6 f6 43. Nd5 Rd8 44. Ne7+ Kh7 45. Nf5 Ne6 46. Qc6 Bxf5 47. exf5 Nd4 48. Qd5 Qb3 49. Qe4 Qb4 50. Qg4 Rg8 51. Qg6+ Kh8 52. Nxe5 fxe5 53. f6 Ne6 54. fxg7+ 1-0

[Event "Bergamo Province-ch"]
[Site "Bergamo"]
[Date "2004.11.19"]
[Round "7"]
[White "Canova, Luca"]
[Black "Elsido, Massimo"]
[Result "0-1"]
[WhiteElo "2047"]
[BlackElo "1667"]
[PlyCount "52"]
[EventDate "2004.10.08"]
[EventType "swiss"]
[EventRounds "8"]
[EventCountry "ITA"]
[SourceTitle "EXT 2023"]
[Source "ChessBase"]
[SourceDate "2022.10.05"]
[SourceVersion "1"]
[SourceVersionDate "2022.10.05"]
[SourceQuality "1"]

1. e4 e5 2. Nf3 Nc6 3. Bb5 a6 4. Ba4 Nf6 5. 0-0 b5 6. Bb3 Be7 7. Re1 0-0 8. c3 d5 9. exd5 Nxd5 10. Nxe5 Nxe5 11. Rxe5 c6 12. g3 Bd6 13. Re1 Bh3 14. Qh5 Qd7 15. Bxd5 cxd5 16. d4 Rae8 17. Be3 Bc7 18. Qd1 Re7 19. f3 Rfe8 20. Bf2 Qf5 21. Rxe7 Rxe7 22. Nd2 Qd3 23. Nb3 Qg6 24. Qd2 Qf6 25. Re1 Qxf3 26. Be3 Rxe3 0-1

[Event "Bergamo Province-ch"]
[Site "Bergamo"]
[Date "2004.11.05"]
[Round "5"]
[White "Ranfagni, Stefano"]
[Black "Canova, Luca"]
[Result "1-0"]
[WhiteElo "1859"]
[BlackElo "2047"]
[PlyCount "83"]
[EventDate "2004.10.08"]
[EventType "swiss"]
[EventRounds "8"]
[EventCountry "ITA"]
[SourceTitle "EXT 2023"]
[Source "ChessBase"]
[SourceDate "2022.10.05"]
[SourceVersion "1"]
[SourceVersionDate "2022.10.05"]
[SourceQuality "1"]

1. e4 e5 2. Nf3 Nc6 3. Nc3 Nf6 4. d4 exd4 5. Nxd4 Bb4 6. Nxc6 bxc6 7. Qf3 Qe7 8. Bd3 h6 9. Bd2 d6 10. h3 Be6 11. 0-0 0-0 12. a3 Bc5 13. Na4 Bd4 14. c3 Be5 15. Qd1 Nh7 16. f4 Bf6 17. Qc2 Bh4 18. e5 f5 19. exf6 Nxf6 20. Rf3 Nd5 21. c4 Nb6 22. Nxb6 cxb6 23. f5 Bf7 24. Qc1 d5 25. Bxh6 dxc4 26. Bxg7 Kxg7 27. f6+ Qxf6 28. Rxf6 Bxf6 29. Bxc4 Bxc4 30. Qxc4 Bxb2 31. Rd1 Rad8 32. Qg4+ Kf7 33. Qf5+ Bf6 34. Rf1 Rd6 35. g4 Ke7 36. Kg2 Rd2+ 37. Rf2 Rxf2+ 38. Qxf2 c5 39. Qf3 c4 40. Qe4+ Kd6 41. Qxc4 a5 42. Qf4+ 1-0

[Event "Bergamo Province-ch"]
[Site "Bergamo"]
[Date "2004.10.08"]
[Round "1"]
[White "Gazzetta, Marco"]
[Black "Canova, Luca"]
[Result "0-1"]
[WhiteElo "1631"]
[BlackElo "2047"]
[PlyCount "42"]
[EventDate "2004.10.08"]
[EventType "swiss"]
[EventRounds "8"]
[EventCountry "ITA"]
[SourceTitle "EXT 2023"]
[Source "ChessBase"]
[SourceDate "2022.10.05"]
[SourceVersion "1"]
[SourceVersionDate "2022.10.05"]
[SourceQuality "1"]

1. g4 d5 2. Bg2 Bxg4 3. Nf3 Nc6 4. b3 e5 5. Bb2 Bd6 6. Nc3 Nf6 7. Nb5 Qe7 8. Nxd6+ cxd6 9. h3 Bh5 10. d3 d4 11. c4 d5 12. cxd5 Nxd5 13. Qd2 Nf4 14. Rg1 0-0 15. 0-0-0 Rfc8 16. Kb1 Bxf3 17. exf3 a5 18. a3 Qe6 19. h4 Qxb3 20. h5 Ra6 21. Ka1 Nb4 0-1